[Event "Mittelfrank Regionalliga Nord-West 2122"]
[Site "Mittelfranken"]
[Date "2021.11.14"]
[Round "2.2"]
[White "Grod, Andreas"]
[Black "Stauch, Edgar"]
[Result "1/2-1/2"]
[WhiteElo "1993"]
[BlackElo "2051"]
[PlyCount "48"]
[EventDate "2021.10.24"]
[EventType "team-tourn"]
[EventRounds "9"]
[EventCountry "GER"]
[SourceTitle "EXT 2024"]
[Source "ChessBase"]
[SourceDate "2023.10.10"]
[SourceVersion "1"]
[SourceVersionDate "2023.10.10"]
[SourceQuality "1"]
[WhiteTeam "Sailauf"]
[BlackTeam "Kronach"]
[WhiteTeamCountry "GER"]
[BlackTeamCountry "GER"]

1. e4 c6 2. d4 d5 3. Nc3 dxe4 4. Nxe4 Nf6 5. Nxf6+ exf6 6. Nf3 Bd6 7. Bc4 0-0 8. 0-0 Bg4 9. h3 Bh5 10. c3 Nd7 11. Re1 Re8 12. Bd2 Rxe1+ 13. Bxe1 Nb6 14. Bb3 Nd5 15. Bd2 g5 16. c4 Nf4 17. Bxf4 Bxf4 18. g4 Bg6 19. Bc2 Qd7 20. Bxg6 fxg6 21. Qd3 Kg7 22. Re1 Re8 23. Rxe8 Qxe8 24. d5 c5 1/2-1/2

[Event "Regionalliga Nord-West 1718"]
[Site "Bayern"]
[Date "2018.03.18"]
[Round "8.2"]
[White "Grod, Andreas"]
[Black "Hertel, Hans"]
[Result "1-0"]
[WhiteElo "2029"]
[BlackElo "1946"]
[PlyCount "77"]
[EventDate "2017.10.22"]
[EventType "team-tourn"]
[EventRounds "9"]
[EventCountry "GER"]
[SourceTitle "EXT 2022"]
[Source "ChessBase"]
[SourceDate "2021.10.06"]
[SourceVersion "1"]
[SourceVersionDate "2021.10.06"]
[SourceQuality "1"]
[WhiteTeam "Sailauf"]
[BlackTeam "Hof PTSV"]
[WhiteTeamCountry "GER"]
[BlackTeamCountry "GER"]

1. e4 c5 2. Nf3 Nc6 3. d4 cxd4 4. Nxd4 Nf6 5. Nc3 e5 6. Ndb5 d6 7. Bg5 a6 8. Na3 b5 9. Nd5 Be7 10. Nxe7 Nxe7 11. Bd3 Be6 12. c3 d5 13. exd5 Qxd5 14. 0-0 e4 15. Bxf6 gxf6 16. Bc2 Qe5 17. Qe2 f5 18. Rfe1 Nd5 19. Bb3 Rg8 20. g3 Kf8 21. Nc2 Re8 22. Qd2 Nf4 23. Kh1 Ng6 24. Bxe6 Qxe6 25. Qh6+ Rg7 26. Nd4 Qd5 27. Rad1 Kg8 28. h4 Ne7 29. Qxa6 e3+ 30. Kh2 f4 31. Qxb5 Qa8 32. Nf5 Nxf5 33. Qxf5 fxg3+ 34. fxg3 Rg6 35. h5 Rge6 36. Rd4 Qxa2 37. Rg4+ Kh8 38. Re2 Rh6 39. Qg5 1-0

[Event "Regionalliga Nord-West 1718"]
[Site "Bayern"]
[Date "2018.02.25"]
[Round "7.2"]
[White "Feldheim, Jonas"]
[Black "Grod, Andreas"]
[Result "1-0"]
[WhiteElo "2129"]
[BlackElo "2029"]
[PlyCount "143"]
[EventDate "2017.10.22"]
[EventType "team-tourn"]
[EventRounds "9"]
[EventCountry "GER"]
[SourceTitle "EXT 2022"]
[Source "ChessBase"]
[SourceDate "2021.10.06"]
[SourceVersion "1"]
[SourceVersionDate "2021.10.06"]
[SourceQuality "1"]
[WhiteTeam "Stetten"]
[BlackTeam "Sailauf"]
[WhiteTeamCountry "GER"]
[BlackTeamCountry "GER"]

1. e4 c5 2. Nf3 d6 3. Bc4 e6 4. 0-0 a6 5. Bb3 Qc7 6. d3 b5 7. Qe2 Bb7 8. c3 Nf6 9. Nbd2 Nbd7 10. Re1 h6 11. Nf1 Be7 12. Ng3 0-0 13. h3 Rac8 14. Bc2 Rfe8 15. Bd2 Bf8 16. Rac1 Qb8 17. d4 e5 18. d5 g6 19. Nh2 Bg7 20. Ng4 Kh7 21. Qf3 Qc7 22. Rcd1 Rf8 23. Bxh6 Nxg4 24. Bxg7 Kxg7 25. Qxg4 Rh8 26. Qg5 f6 27. Qg4 Rcg8 28. Re3 Bc8 29. a4 c4 30. axb5 axb5 31. Ra1 Nc5 32. Qe2 Bd7 33. Nf1 Kf7 34. Qd1 f5 35. exf5 gxf5 36. Rg3 Rxg3 37. Nxg3 Kf6 38. Qf3 Qc8 39. Ra7 f4 40. Ne4+ Nxe4 41. Qxe4 Bf5 42. Qxf5+ Qxf5 43. Bxf5 Kxf5 44. f3 b4 45. Rf7+ Kg5 46. h4+ Kxh4 47. Rd7 bxc3 48. bxc3 Ra8 49. Rxd6 Ra3 50. Re6 Rxc3 51. Rxe5 Rd3 52. Rf5 Rd4 53. d6 c3 54. d7 Rxd7 55. Rxf4+ Kg5 56. Rc4 Rd1+ 57. Kh2 Rc1 58. Kg3 c2 59. Rc5+ Kf6 60. Kf4 Ke6 61. Kg5 Kd6 62. Rc8 Ke5 63. f4+ Ke4 64. f5 Rf1 65. Rxc2 Rxf5+ 66. Kg6 Rf1 67. g4 Ke5 68. Re2+ Kf4 69. g5 Rg1 70. Rf2+ Kg4 71. Ra2 Kf4 72. Kf6 1-0

[Event "Arber op 3rd"]
[Site "Bayerisch Eisenstein"]
[Date "2014.08.24"]
[Round "9"]
[White "Grod, Andreas"]
[Black "Pliev, Vladimir"]
[Result "1-0"]
[WhiteElo "2018"]
[BlackElo "2011"]
[PlyCount "91"]
[EventDate "2014.08.16"]
[EventType "swiss"]
[EventRounds "9"]
[EventCountry "GER"]
[SourceTitle "CBM 161 Extra"]
[Source "ChessBase"]
[SourceDate "2014.08.29"]
[SourceVersion "1"]
[SourceVersionDate "2014.08.29"]
[SourceQuality "1"]

1. e4 c5 2. Nf3 e6 3. d4 cxd4 4. Nxd4 a6 5. Bd3 Bc5 6. Nf3 Nc6 7. 0-0 Nge7 8. Nc3 b5 9. Bf4 d6 10. Bg3 Bb7 11. e5 d5 12. Ng5 Ng6 13. Qh5 Nce7 14. Ne2 Qd7 15. Nf4 Nf5 16. Bxf5 Nxf4 17. Bxf4 g6 18. Bxg6 fxg6 19. Qh3 Bc8 20. Be3 Ba7 21. Rad1 Qe7 22. c3 0-0 23. Qg3 Rf5 24. f4 h6 25. Nh3 Kh7 26. Bxa7 Rxa7 27. Rd4 a5 28. a3 Rc7 29. Nf2 Ba6 30. Rfd1 Rc8 31. Ng4 Kg7 32. Nf6 Rxf6 33. exf6+ Qxf6 34. Re1 Rf8 35. Qe3 Bc8 36. Qe5 Qxe5 37. fxe5 Bd7 38. Rf1 Rxf1+ 39. Kxf1 g5 40. Kf2 Kg6 41. g4 h5 42. h3 h4 43. Ke3 Kf7 44. Rd2 Ke7 45. Kd4 Be8 46. Kc5 1-0

[Event "Arber op 3rd"]
[Site "Bayerisch Eisenstein"]
[Date "2014.08.16"]
[Round "1"]
[White "Grod, Andreas"]
[Black "Waddington, Mike P"]
[Result "1/2-1/2"]
[WhiteElo "2018"]
[BlackElo "2085"]
[PlyCount "63"]
[EventDate "2014.08.16"]
[EventType "swiss"]
[EventRounds "9"]
[EventCountry "GER"]
[SourceTitle "CBM 161 Extra"]
[Source "ChessBase"]
[SourceDate "2014.08.29"]
[SourceVersion "1"]
[SourceVersionDate "2014.08.29"]
[SourceQuality "1"]

1. e4 e5 2. Nf3 Nc6 3. Bc4 Bc5 4. 0-0 Nf6 5. d3 0-0 6. Bg5 d6 7. Nc3 Ne7 8. d4 exd4 9. Nxd4 Bg4 10. Qd2 Ng6 11. h3 Bd7 12. Nf5 h6 13. Bxf6 Qxf6 14. Ng3 Ne5 15. Be2 Bc6 16. Nd5 Bxd5 17. exd5 Qh4 18. Kh2 f5 19. f4 Ng4+ 20. Bxg4 fxg4 21. Rae1 gxh3 22. gxh3 Rae8 23. Re6 Rxe6 24. dxe6 Qf6 25. f5 Bd4 26. c3 Be5 27. Qd5 c6 28. Qb3 Kh7 29. Qc2 Kg8 30. Qb3 Kh7 31. Qc2 Kg8 32. Qb3 1/2-1/2

[Event "Arber op 1st"]
[Site "Bayerisch Eisenstein"]
[Date "2012.08.24"]
[Round "7"]
[White "Grod, Andreas"]
[Black "Wiendieck, Joerg"]
[Result "1-0"]
[WhiteElo "1784"]
[BlackElo "1857"]
[PlyCount "103"]
[EventDate "2012.08.18"]
[EventType "swiss"]
[EventRounds "9"]
[EventCountry "GER"]
[SourceTitle "CBM 150 Extra"]
[Source "ChessBase"]
[SourceDate "2012.10.19"]
[SourceVersion "1"]
[SourceVersionDate "2012.10.19"]
[SourceQuality "1"]

1. e4 c5 2. Nf3 g6 3. d4 cxd4 4. Nxd4 Bg7 5. c3 Nc6 6. Be3 Nf6 7. Bd3 0-0 8. Nd2 d5 9. 0-0 e5 10. Nxc6 bxc6 11. Bg5 Qb6 12. Qc2 Be6 13. Be3 d4 14. cxd4 exd4 15. Bf4 c5 16. Bc4 Rac8 17. Rac1 Rfd8 18. f3 Nd7 19. Bxe6 Qxe6 20. Qc4 Qb6 21. b3 a6 22. Rfd1 Qb5 23. Qc2 Be5 24. Bxe5 Nxe5 25. Nc4 Nxc4 26. Qxc4 Kf8 27. Kf2 Ke7 28. Ke2 Kd6 29. Kd3 Qxc4+ 30. Rxc4 f5 31. Ra4 Rc6 32. Re1 Re8 33. f4 g5 34. fxg5 fxe4+ 35. Rxe4 Rf8 36. Rg4 Kc7 37. Rc4 Rf2 38. Rc2 Rxc2 39. Kxc2 Kb6 40. Rh4 Rc7 41. Rh6+ Kb5 42. g6 hxg6 43. Rxg6 Rf7 44. h4 c4 45. Rg5+ Kb4 46. a3+ Kxa3 47. bxc4 Kb4 48. Kd3 a5 49. Rb5+ Ka4 50. Kxd4 Rf4+ 51. Kc3 Rxh4 52. Rb1 1-0

[Event "Arber op 1st"]
[Site "Bayerisch Eisenstein"]
[Date "2012.08.22"]
[Round "5"]
[White "Nurbekoglu, Michael"]
[Black "Grod, Andreas"]
[Result "1-0"]
[WhiteElo "1958"]
[BlackElo "1784"]
[PlyCount "65"]
[EventDate "2012.08.18"]
[EventType "swiss"]
[EventRounds "9"]
[EventCountry "GER"]
[SourceTitle "CBM 150 Extra"]
[Source "ChessBase"]
[SourceDate "2012.10.19"]
[SourceVersion "1"]
[SourceVersionDate "2012.10.19"]
[SourceQuality "1"]

1. Nf3 d5 2. d4 e6 3. c4 Nf6 4. Nc3 Be7 5. cxd5 Nxd5 6. e4 Nxc3 7. bxc3 0-0 8. Bd3 c5 9. 0-0 Nc6 10. Be3 cxd4 11. cxd4 b6 12. Rc1 Bb7 13. Qa4 Qd6 14. Ba6 Bxa6 15. Qxa6 Nb4 16. Qa4 a6 17. a3 Nd3 18. Rc6 Qd7 19. Qc2 Bc5 20. Rxc5 bxc5 21. Qxd3 cxd4 22. Bxd4 Rfd8 23. Qe3 f6 24. e5 f5 25. Bc5 Qa4 26. Bd6 Rac8 27. h3 h6 28. Rb1 Rc4 29. Qa7 Rdc8 30. Rb7 Rc1+ 31. Kh2 Qf4+ 32. g3 Rh1+ 33. Kg2 1-0

[Event "Arber op 1st"]
[Site "Bayerisch Eisenstein"]
[Date "2012.08.19"]
[Round "2"]
[White "Ott, Anton"]
[Black "Grod, Andreas"]
[Result "1-0"]
[WhiteElo "1888"]
[BlackElo "1784"]
[PlyCount "65"]
[EventDate "2012.08.18"]
[EventType "swiss"]
[EventRounds "9"]
[EventCountry "GER"]
[SourceTitle "CBM 150 Extra"]
[Source "ChessBase"]
[SourceDate "2012.10.19"]
[SourceVersion "1"]
[SourceVersionDate "2012.10.19"]
[SourceQuality "1"]

1. e4 c5 2. Nf3 d6 3. Bc4 e6 4. Nc3 a6 5. a4 b6 6. 0-0 Bb7 7. Re1 Nd7 8. d3 Be7 9. Bd2 h6 10. h3 Ngf6 11. Nh2 0-0 12. Bf4 Re8 13. Ba2 d5 14. e5 Nh7 15. Nf3 Ng5 16. Nxg5 Bxg5 17. Bh2 Nf8 18. Ne2 Ng6 19. d4 Be7 20. c3 cxd4 21. Nxd4 Bc5 22. Bb1 Nh4 23. Qd3 Bxd4 24. Qxd4 Rc8 25. Bd3 Ng6 26. Qg4 Ne7 27. Re3 Kh8 28. Qh5 Rf8 29. Bf4 Ng8 30. Rg3 g6 31. Bxh6 Qd7 32. Bxf8+ gxh5 33. Bg7# 1-0